000 00303nam a22001457a 4500
008 210427b ||||| |||| 00| 0 eng d
020 _a9781938891298
041 _aeng
080 _22nd
_a51
082 _a51
100 _a36
101 _aMAT
245 _aPrecalculus
_cSisson,P
942 _2udc
_cBK
999 _c56843
_d56843